2012 Top Ranked Party Schools - Statistics

General Stats
  • This quiz has been taken 710 times
  • The average score is 4 of 10
Answer Stats
Hint Answer % Correct
3 Florida
79%
4 Texas
69%
2 USC
60%
6 Georgia
52%
10 Ohio State
46%
5 Wisconsin
46%
1 Virginia
29%
8 Tulane
20%
7 Vanderbilt
5%
9 Texas Christian
2%
No matching quizzes found
Score Distribution
Percent of People with Each Score
Percentile by Number Answered
Your Score History
You have not taken this quiz